ბათუმის შოთა რუსთაველის სახელმწიფო უნივერსიტეტის ბიბლიოთეკა

ქართული მეცნიერების ფესვები / (ბიბ.ჩანაწერი № 59921)

000 -ლიდერი
ფიქსირებული სიგრძის საკონტროლო ველი 01561nam a22002537a 4500
003 - საკონტროლო ნომრის იდენტიფიკატორი
საკონტროლო ველი Ge_BSU
005 - ბოლო ოპერაციის თარიღი და დრო
საკონტროლო ველი 20230510151903.0
008 - ფიქსირებული სიგრძის მონაცემთა ელემენტები - ზოგადი ინფორმაცია
ფიქსირებული სიგრძის საკონტროლო ველი 230510s2015 ge ||||| |||| 00| 0 geo d
020 ## - წიგნის საერთაშორისო სტანდარტული ნომერი
International Standard Book Number 9789941082924
041 ## - ენის კოდი
Language code of text/sound track or separate title geo
080 ## - უნივერსალური ათობითი კლასიფიკაციის ინდექსი
Universal Decimal Classification number 001(479.22)(09) შ-48
100 ## - მთავარი ჩანაწერი - პიროვნების სახელი
Personal name შენგელია, რამაზ
9 (RLIN) 7285
245 ## - ცნობა სათაურის შესახებ
Title ქართული მეცნიერების ფესვები /
Statement of responsibility, etc რამაზ შენგელია, გიორგი ალიბეგაშვილი, გიორგი კვესიტაძე ; რედაქტორები: როინ მეტრეველი, ელიზბარ ჯაველიძე.
264 ## - წარმოების, გამოცემის, დისტრიბუციის და სხვა ცნობები
გამოცემის, წარმოების, დისტრიბუციის... ადგილი თბილისი :
გამოცემის, წარმოების, დისტრიბუციის... სახელწოდება საქ. მეცნ. ეროვნ. აკადემიის გამოცემა,
გამოცემის, წარმოების, დისტრიბუციის... თარიღი 2015.
300 ## - ფიზიკური აღწერა
Extent 56 გვ. :
Other physical details ილ. ;
Dimensions 20 სმ.
504 ## - BIBLIOGRAPHY, ETC. NOTE
Bibliography, etc ბიბლიოგრაფია: გვ. 50-54.
653 ## - INDEX TERM--UNCONTROLLED
Uncontrolled term ქართული მეცნიერების ისტორია
653 ## - INDEX TERM--UNCONTROLLED
Uncontrolled term განათლების ისტორია საქართველოში
700 ## - ADDED ENTRY--PERSONAL NAME
Personal name ალიბეგაშვილი, გიორგი
Relator term ავტორი.
9 (RLIN) 18076
700 ## - ADDED ENTRY--PERSONAL NAME
Personal name კვესიტაძე, გიორგი
Relator term ავტორი.
9 (RLIN) 18077
700 ## - ADDED ENTRY--PERSONAL NAME
Personal name მეტრეველი, როინ
Relator term რედაქტორი.
9 (RLIN) 18078
700 ## - ADDED ENTRY--PERSONAL NAME
Personal name ჯაველიძე, ელიზბარ
Relator term რედაქტორი
9 (RLIN) 17629
942 ## - ADDED ENTRY ELEMENTS (KOHA)
Source of classification or shelving scheme
Koha item type წიგნი
ეგზემპლარები
ჩამოწერის სტატუსი დაკარგული ეგზემპლარის სტატუსი კლასიფიკაციის წყარო ან თაროზე გაწყობის სქემა დაზიანების სტატუსი არ გაიცემა მუდმივი მდებარეობა (დაცვის ადგილი) ამჟამინდელი ადგილსამყოფელი თაროზე განთავსების ადგილი შეძენის თარიღი ღირებულება, შესყიდვის ნორმალური ფასი სრული შენახვის შიფრი შტრიხკოდი ბოლო ოპერაციის თარიღი ეგზემპლარის მიმდევრობითი ნომერი (კეტერი?) Uniform Resource Identifier ფასის ძალაში შესვლის თარიღი ეგზემპლარის სახეობა საჯარო შენიშვნა
          ბათუმის შოთა რუსთაველის სახელმწიფო უნივერსიტეტის მთავარი ბიბლიოთეკა ბათუმის შოთა რუსთაველის სახელმწიფო უნივერსიტეტის მთავარი ბიბლიოთეკა წიგნსაცავი 2023-05-10 4.00 001(479.22)(09) შ-48 64379 2023-05-10 64379 ბსუ-ს საპატიო დოქტორის გურამ ლორთქიფანიძის საჩუქარი 2023-05-10 წიგნი 4 ლ.
          ბათუმის შოთა რუსთაველის სახელმწიფო უნივერსიტეტის მთავარი ბიბლიოთეკა ბათუმის შოთა რუსთაველის სახელმწიფო უნივერსიტეტის მთავარი ბიბლიოთეკა წიგნსაცავი 2025-01-30 4.00 001(479.22)(09) შ-48 70514 2025-01-30 70514 ნაჩუქარი 2025-01-30 წიგნი 4.00